000
00316nam a2200133Ia 4500
008
191201s2012 xx 000 0 und d
082
_a
658.5
_b
ADP
100
_a
ADAM, Evere HF
245
0
_a
Production and Operations Management
260
_a
N.Delhi
_b
PHI
_c
2012
300
_a
729
650
_a
MBA
942
_2
ddc
_c
BK
999
_c
2663
_d
2663